Sports Quiz

Random Sports or Soccer Quiz
Score 0/15 Timer 03:00
17 Plays Today
% Correct
Argentina (Lionel Messi)
99.2%
Germany (Thomas Müller)
96.7%
Wales, United Kingdom (Gareth Bale)
93.7%
Netherlands (Arjen Robben)
93.3%
Brazil (Neymar)
92.4%
Sweden (Zlatan Ibrahimović)
92.3%
United States (Tim Howard)
89.4%
Italy (Gianluigi Buffon)
88.7%
% Correct
Uruguay (Luis Suárez)
88.4%
England, United Kingdom (Steven Gerrard)
87.9%
France (Thierry Henry)
85.9%
Chile (Alexis Sánchez)
84.7%
Colombia (James Rodríguez)
84.4%
Belgium (Eden Hazard)
83.9%
Slovakia (Martin Škrtel)
70.5%
Remove Ads.
Support Sporcle.
Get the best of Sporcle when you Go Orange. This ad-free experience offers more features, more stats, and more fun while also helping to support Sporcle. Thank you for becoming a member.

You're not logged in!

Compare scores with friends on all Sporcle quizzes.
OR
Log In

Show Comments

Extras

Top Quizzes Today


Score Distribution

Your Account Isn't Verified!

In order to create a playlist on Sporcle, you need to verify the email address you used during registration. Go to your Sporcle Settings to finish the process.

Report this User

Report this user for behavior that violates our Community Guidelines.

Details: